00486nam a2200169Ia 4500003000900000008004100009040001600050080001500066100001400081245012600095260000900221300001000230650002300240650001800263700001800281700001700299IN-BaIIA211028s9999 xx 000 0 eng d cIIA Library a52-77bTHE aLarge,M I 4aThe molonglo reference catalogue of radio sourcescM I Large...[et.al]  c1981 a270p. aMolonglo reference aRadio sources aLittle, A. G. aMills, B. Y.